Générique Il était une fois... l'espace - Paroles - Statistiques

Statistiques générales
  • Ce quiz a été pris 9 fois
  • Le résultat moyen est 11 sur 34
Statistiques - réponses
Paroles % Correct
Comme un grand livre {ouvert}
78%
Des prairies bleues du {ciel}
78%
Il était une fois l'{espace}
78%
Et la {Terre}
67%
Sa vraie place dans l'{espace}
67%
Vers lequel nous {allons}
67%
Et le {ciel}
56%
{Infini}
56%
L'{infini}
56%
Ses planètes, ses {étoiles}
56%
Pour faire place à l'{espace}
44%
Cette bille {éphémère}
33%
{Infini}
33%
{Infini}
33%
Laisse-moi te {conter}
33%
L'aventure nous font {face}
33%
Nous partons pour l'{espace}
22%
Où le temps même s'{efface}
22%
Qui prend quand l'{étoile} passe
22%
Ses {comètes}
22%
Tel un rêve {éternel}
22%
{Découvert}
11%
Dont nous sommes {sentinelles}
11%
{Infini}
11%
Le {futur}
11%
Qui devant nous {dévoile}
11%
Sur les chevaux du {vent}
11%
Viens prends {place}
11%
A portée de nos {ailes}
0%
Dont jamais on ne se {lasse}
0%
{Harmonie}
0%
Pleins de {joie}
0%
{Symphonie}
0%
Tu {verras}
0%
Aucun quiz correspondant
Distribution des résultats
% des personnes avec chaque résultat
Percentile par nombre de réponses
Votre historique - résultats
Vous n’avez pas pris ce quiz